Jednotná európska platobná oblasť ako vyšší stupeň zavedenia eura

Ekonomika eurozóny a výhody menovej únie. Projekt SEPA (Single Euro Payment Area) ako oblasť v ktorej spotrebitelia, podniky a ďalšie hospodárske subjekty môžu realizovať a prijímať platby v eurách za rovnakých podmienok. Európsky integrovaný trh služieb a platobného styku.

Na minha lista:
Detalhes bibliográficos
Autor principal: Pavelka, Ľuboš, 1962-
Outros Autores: Sušková, Klaudia
Formato: Capítulo de Livro
Idioma:eslovaco
Assuntos:
Tags: Adicionar Tag
Sem tags, seja o primeiro a adicionar uma tag!

MARC

LEADER 00000naa a2200000 4500
001 0120721
005 20240502072350.7
041 0 |a slo 
044 |a SK 
245 1 0 |a Jednotná európska platobná oblasť ako vyšší stupeň zavedenia eura  |c Ľuboš Pavelka, Klaudia Sušková 
520 |a Ekonomika eurozóny a výhody menovej únie. Projekt SEPA (Single Euro Payment Area) ako oblasť v ktorej spotrebitelia, podniky a ďalšie hospodárske subjekty môžu realizovať a prijímať platby v eurách za rovnakých podmienok. Európsky integrovaný trh služieb a platobného styku. 
610 2 0 |a Európsky ekonomický priestor 
610 2 0 |a Európska únia 
610 2 0 |a únie menové 
610 2 0 |a styk platobný medzinárodný 
610 2 0 |a integrácia ekonomická medzinárodná 
610 2 0 |a eurozóna 
610 2 0 |a euro 
610 2 0 |a spolupráca medzinárodná 
100 1 |a Pavelka, Ľuboš, 1962- 
700 1 |a Sušková, Klaudia